00549cam a22002171 4500001001300000003000400013005001700017008004100034010001700075035002000092040001800112042001200130050001900142100003800161245002400199260001000223300004200233700002400275740001500299999001700314ne 68000716 DLC20260227111838.0881028q xx c 000 0 ara  ane 68000716  a(OCoLC)23507708 aDLCcMiUdDLC apremarc00aPJ7866.B33bD51 aʻUbaydī, Muḥammad Ḥabīb.10aDhikrā Ḥabīb. c.1966 a4, 64, 282 p.bfacism., port.c24 cm.1 aFakhry, Ahmed.eed.0 aDīwān. c50138d50138